00610 a2200193 450000100060000002000150000604000240002110000210004524000470006624500420011330000070015536200090016244000130017165000240018494200070020895200880021595200960030399900170039968701 a8526248901 cAnchieta - Itaigara aCompany, Mercè10aAs trigêmeas e Chapeuzinho Vermelholpor10aAs trigêmeas e Chapeuzinho Vermelho a310 a2003 1aScipione 4aLiteratura infantil cBK 00104070a88.1b88.1d2023-11-21l0p320/ITAr2023-11-21 20:02:58w2023-11-21yBK 00102ddc4070a57.2b57.2d2024-07-02l0pIF257r2024-07-02 11:14:17w2024-07-02yBKzAu c68701d68701